000 00535nam a2200169 i 4500
001 140714
003 ES-MaACL
005 20251017115915.0
007 t|
008 070914s1922 xxk |||| | eng d
100 1 _aYeats, W. B.,
_d1865-1939
_9242374
245 1 0 _aPlays in prose and verse
_b: written for an irish theatre and generally with the help of a friend /
_cby W. B. Yeats.
260 _aLondon :
_bMacmillan,
_c1922.
300 _aVII, 447 p. ;
_c20 cm.
852 _aES-MaACL
_jF-5561
999 _c140714
_d140714